Countries and Cities With Skyscrapers of 400+ Meters - Statistics

General Stats
  • This quiz has been taken 69 times
  • The average score is 26 of 37
Answer Stats
Answer % Correct
Dubai
97%
New York City
97%
Beijing
92%
China
92%
Shanghai
92%
United States
92%
Hong Kong
88%
Taipei
88%
United Arab Emirates
87%
Kuala Lumpur
85%
Chicago
83%
Malaysia
83%
Saudi Arabia
83%
Seoul
83%
Guangzhou
82%
Taiwan
82%
South Korea
80%
Shenzhen
77%
Wuhan
75%
Kuwait
73%
Kuwait City
73%
Mecca
73%
Russia
73%
Chongqing
70%
Saint Petersburg
68%
Tianjin
67%
Vietnam
63%
Ho Chi Minh City
62%
Busan
58%
Nanjing
53%
Changsha
45%
Ningbo
35%
Jinan
27%
Dongguan
22%
Suzhou
22%
Nanning
20%
Guiyang
17%
No matching quizzes found
Score Distribution
Percent of People with Each Score
Percentile by Number Answered
Your Score History
You have not taken this quiz